Molekulová charakterizácia komplexných polymérov kombinovanými metodikami kvapalinovej chromatografie

Salvato in:
Dettagli Bibliografici
Autore principale: Šnauko, Marián
Natura: Libro
Lingua:slovacco
Pubblicazione: Bratislava SAV Ústav polymérov 2004
Edizione:1. vyd.
Accesso online:Visualizza in OPAC
Tags: Aggiungi Tag
Nessun Tag, puoi essere il primo ad aggiungerne!!

MARC

LEADER 00000nam a2200000 a 4500
005 20260127134334.0
008 050318 2004 xo 000 0 slo d
035 |a vtls001520308 
039 9 |y 200503180830  |z mschk03 
040 |a STUSCHK1  |b slo  |c STUSCHK1  |e AACR2 
100 1 |a Šnauko, Marián 
245 1 |a Molekulová charakterizácia komplexných polymérov kombinovanými metodikami kvapalinovej chromatografie 
250 |a 1. vyd. 
260 |a Bratislava  |b SAV Ústav polymérov  |c 2004 
300 |a 110 s. 
500 |a Obháj.: 29.10.2004 na STU FCHPT Bratislava 
910 |a SCHK95 
999 |c 10236  |d 10236